| 000 | 00744nam a2200241 a 4500 | ||
|---|---|---|---|
| 005 | 20140228153203.0 | ||
| 008 | 140228b1993 ck ||||| |||| 00| 0 spa d | ||
| 041 | _aspa | ||
| 044 | _ack | ||
| 090 |
_aLB _b01517 |
||
| 100 |
_aAlvarez Torres, Marcela _912698 |
||
| 245 | _aSistema tradicional de alimentación de patos y gallinas en una comunidad negra del Pacífico colombiano | ||
| 260 |
_aMedellín _bFundación Espavé _c1999 |
||
| 300 | _a56 p. | ||
| 650 |
_aComunidades negras _912699 |
||
| 650 |
_aConocimiento tradicional _912700 |
||
| 650 |
_aPatos _912701 |
||
| 650 |
_aGallinas _912702 |
||
| 650 |
_aHábitos alimentarios _93824 |
||
| 650 |
_aSeguridad alimentaria _91807 |
||
| 662 |
_aColombia _cPacífico |
||
| 942 |
_cImpreso _2z |
||
| 999 |
_c1524 _d1524 |
||